000 00269nam a22001217a 4500
008 181023b xxu||||| |||| 00| 0 eng d
041 _aeng
080 _a574
100 _a9
101 _aMJE
245 _aMasterpicces Of The Orient
_cAnderson.G.L
942 _2udc
_cBK
999 _c50636
_d50636